| 000 | 01161cam a2200301 i 4500 | ||
|---|---|---|---|
| 003 | SA-RiAUC | ||
| 005 | 20250824040833.0 | ||
| 008 | 250815s1980 iq g f000 0 ara c | ||
| 040 |
_aQA-DoQUL _bara _cSA-RiAUC _erda |
||
| 050 | 4 | _b.B37 1980 | |
| 082 | 0 | 4 |
_a907.2 _qSA-RiAUC |
| 090 |
_a907.2 _bب ا ق |
||
| 100 | 1 |
_aباقر، طه، _d1912-1984 _eمؤلف. |
|
| 245 | 1 | 0 |
_aطرق البحث العلمي في التاريخ والآثار / _cطه باقر، عبد العزيز حميد. |
| 250 | _aالطبعة الأولى. | ||
| 264 | 1 |
_aبغداد : _bوزارة التعليم العالي والبحث العلمي، _c1980 |
|
| 300 |
_a203 صفحة ؛ _c24 سم |
||
| 336 |
_aنص _btxt _2rdacontent _3كتاب |
||
| 337 |
_aبدون وسيط _bn _2rdamedia |
||
| 338 |
_aمجلد _bnc _2rdacarrier |
||
| 504 | _aببليوجرافية : صفحة 219-198. | ||
| 650 | 7 |
_aالتاريخ _xمناهج بحث _2aucsh |
|
| 650 | 7 |
_aالآثار _xمناهج بحث _2aucsh |
|
| 650 | 7 |
_aطرق البحث _2aucsh |
|
| 700 | 1 |
_aحميد، عبد العزيز _eمؤلف. |
|
| 942 |
_2ddc _cBOOK _n0 |
||
| 949 |
_aSA-JeALM _d250815 _umohamedma123 _n1 |
||
| 999 |
_c11054 _d11054 |
||